ბათუმის შოთა რუსთაველის სახელმწიფო უნივერსიტეტის ბიბლიოთეკა

Холодильные установки. (ბიბ.ჩანაწერი № 37112)

000 -LEADER
fixed length control field 00664nam a2200229Ia 4500
001 - CONTROL NUMBER
control field 3068
003 - CONTROL NUMBER IDENTIFIER
control field GE_BSU
008 - FIXED-LENGTH DATA ELEMENTS--GENERAL INFORMATION
fixed length control field 181216s||||||||xx |||||||||||||| ||und||
040 ## - CATALOGING SOURCE
Transcribing agency GE_BSU
080 ## - UNIVERSAL DECIMAL CLASSIFICATION NUMBER
Universal Decimal Classification number 621.56(075.8)
100 ## - MAIN ENTRY--PERSONAL NAME
Personal name Курылев,В.С. Герасимов,Н.А.
245 ## - TITLE STATEMENT
Title Холодильные установки.
245 ## - TITLE STATEMENT
Remainder of title Учебник.
245 ## - TITLE STATEMENT
Statement of responsibility, etc. Ред.Б.И.Карпов.
250 ## - EDITION STATEMENT
Edition statement Изд 2-ое,перераб.и доп.
260 ## - PUBLICATION, DISTRIBUTION, ETC.
Place of publication, distribution, etc. Л.
260 ## - PUBLICATION, DISTRIBUTION, ETC.
Name of publisher, distributor, etc. Машиностроение.
260 ## - PUBLICATION, DISTRIBUTION, ETC.
Date of publication, distribution, etc. 1970.
300 ## - PHYSICAL DESCRIPTION
Extent 672 стр. с илл. 22см.
653 ## - INDEX TERM--UNCONTROLLED
Uncontrolled term Холодильные установки.
942 ## - ADDED ENTRY ELEMENTS (KOHA)
Koha item type წიგნი
ეგზემპლარები
Withdrawn status Lost status Damaged status Not for loan Date acquired Barcode Date last seen Price effective from Koha item type
        2018-12-17 9468 2018-12-17 2018-12-17 წიგნი